Statistics for 拼音以Z开头的中国城市 Chinese cities whose pinyin begins with Z

Click here to take the quiz!

General Stats

  • This quiz has been taken 38 times
  • The average score is 25 of 39

Answer Stats

七普人口DWUA省份行政类别城市% Correct
132120湖南地级市株洲
94%
240222山东地级市淄博
94%
35湖南地级市张家界
94%
10984河北地级市张家口
94%
77100福建地级市漳州
94%
7756四川地级市自贡
91%
108山东地级市枣庄
91%
5341107河南地级市郑州
88%
6054浙江地级市舟山
88%
7654河南地级市周口
88%
41四川地级市资阳
88%
190231广东地级市珠海
88%
26甘肃地级市张掖
88%
123122广东地级市湛江
88%
274411广东地级市中山
85%
8479广东地级市肇庆
85%
147贵州地级市遵义
85%
23宁夏地级市中卫
82%
51277江苏县级市张家港
82%
80113江苏地级市镇江
82%
4861河南地级市驻马店
79%
38云南地级市昭通
76%
59浙江县级市诸暨
48%
26黑龙江县级市肇东
45%
28山东县级市招远
45%
5755山东县级市诸城
45%
32湖北县级市枣阳
42%
13陕西县级市子长
39%
23湖北县级市钟祥
39%
25河北县级市遵化
39%
46山东县级市邹城
39%
35山东县级市邹平
36%
13福建县级市漳平
33%
27辽宁县级市庄河
30%
24江西县级市樟树
30%
32河北县级市涿州
27%
14内蒙古县级市扎兰屯
24%
17湖北县级市枝江
21%
18湖南县级市资兴
15%

Score Distribution

Percentile by Number Answered

Percent of People with Each Score

Your Score History

You have not taken this quiz